Harry Potter Personnages (2) - Statistiques

Statistiques générales
  • Ce quiz a été pris 47 fois
  • Le résultat moyen est 16 sur 25
Statistiques - réponses
Par images Réponse % Correct
Cedric Diddory
93%
Lucius Malefoy
93%
Drago Malefoy
90%
Alastor Maugrey
88%
Dudley Dursley
88%
Severus Rogue
85%
Gregory Goyle
83%
Petunia Dursley
80%
Vincent Crabbe
80%
Olivier Dubois
78%
Viktor Krum
75%
Nymphadora Tonks
70%
Pomona Chourave
70%
Gilderoy Lockhart
63%
Vernon Dursley
63%
Horace Slughorn
58%
Igor Karkaroff
58%
Rita Skeeter
58%
Xenophilius Lovegood
55%
Ariana Dumbledore
53%
Barty Croupton Junior
53%
Sibylle Trelawney
45%
Renée Bibine
40%
Pompom Pomfresh
20%
Aberforth Dumbledore
10%
Aucun quiz correspondant
Distribution des résultats
% des personnes avec chaque résultat
Percentile par nombre de réponses
Votre historique - résultats
Vous n’avez pas pris ce quiz